| 000 | 00457nam a22001457a 4500 | ||
|---|---|---|---|
| 005 | 20260115112713.0 | ||
| 008 | 251006b |||||||| |||| 00| 0 eng d | ||
| 020 | _a978-93-5269-507-2 | ||
| 100 | _a Sharma,Devendra Kumar | ||
| 245 |
_aIntellectual Property crime _b/ Devendra Kumar Sharma |
||
| 260 |
_aAnsari Road Daryaganj: New Delhi (India); _bRandom Publications. _c2020. |
||
| 300 |
_cviii;264p. _a24cm |
||
| 942 |
_2lcc _cBK _n0 |
||
| 949 | _akku Library Services | ||
| 999 |
_c87 _d87 |
||